01108 2200337 4500001002100000005001500021035002000036007000300056008004100059020002200100082001500122084001700137100002800154245017400182250003400356300003000390650001400420700003500434700003000469700002900499504003300528264003500561336002100596337003000617338002300647040002200670090002200692850001200714999002200726990002200748INLIS00000000088751920240612100412 a0010-0624000421ta240612s2023 yoi g 000 | ind d a978-623-183-466-904223a401.41 a401.41 GHO k1 aGhofur, Abd.ePengarang10aKritik dan interpretasi teks inagurasi Trump :banalisis wacana kritis bahasa, kekuasaan, dan ideologi /cAbd. Ghofur, Jabal Tarik Ibrahim, Akhsanul In'am, Asep Nurjaman aCetakan Pertama, Agustus 2023 axiv, 219 halaman ;c23 cm 4aSemiotika0 aJabal Tarik IbrahimePengarang0 aAkhsanul In'amePengarang0 aAsep NurjamanePengarang aBibliografi: halaman 193-19931aBantul :bJejak Pustaka,c2023 2rdacontentateks 2rdamediaatanpa perantara 2rdacarrieravolume aYOPDYOGbinderda aCB-D.11 2023-5355 aYOPDYOG aCB-D.11/2023-5355 aCB-D.11/2023-5355